| 000 | 00372nam a22001577a 4500 | ||
|---|---|---|---|
| 003 | SGT | ||
| 020 | _a9781976185152 | ||
| 082 |
_a610.7368 _bE23B |
||
| 100 | _aBOYD, MARY ANN | ||
| 245 | _aESSENTIALS OF PSYCHIATRIC NURSING | ||
| 250 | _a3RD | ||
| 260 |
_aPHILADELPHIA _bWOLTERS KLUWER PUB _c2023 |
||
| 300 | _a630 | ||
| 650 | _a PSYCHIATRIC NURSING | ||
| 942 |
_2ddc _cBK |
||
| 999 |
_c27698 _d27698 |
||